000 00588nam a2200181Ia 4500
008 151202s9999||||xx |||||||||||||| ||und||
082 _bPNVM-63949
100 _aबागवे यशवंत.
245 _aरहस्य मोहिनी.
260 _b"वसंतश्री प्रकाशन, मुंबई."
260 _c63638
300 _a187
600 _aबागवे यशवंत.
630 _aरहस्य मोहिनी.
700 _aबागवे यशवंत.
730 _aरहस्य मोहिनी.
942 _cBOOK
999 _c1330483
_d1330480